01171nabaa22002057a 4500999001500000003000400015005001700019008004100036040000700077100003100084245017000115300001300285505035500298505008900653650003200742650002200774650003000796773012600826942001300952 c6134d6134OSt20260122223906.0190701b xxu||||| |||| 00| 0 spa d cPJ 96894aCairella, Florencia 13aEl contrato de estabilización regulatoria :buna herramienta para contribuir al desarrollo de la economía argentina /cFlorencia Cairella, Santiago J. Barbarán ap. 22-36 aSumario: I. Contexto actual: una situación problemática.— II. Breve síntesis del marco normativo de la inversión extranjera. Los regímenes de promoción.— III. El riesgo como carácter de la regulación: el riesgo regulatorio.— IV. La estabilización regulatoria: el contrato de inversión.— V. Propuestas.— VI. Conclusiones. t¿Te interesa el texto completo? Comunicate al correo: koha@justierradelfuego.gov.ar 09211aDERECHO ADMINISTRATIVO 096430aINVERSIONES 09582aREGULACION ECONOMICA0 0284293251dBuenos Aires : AbeledoPerrot, 2012-oDA121tDerecho administrativo. Nº 149 septiembre/octubre 2023z18510590 2udccANA